वायु प्रदूषण (Record no. 4531)
[ view plain ]
| 000 -LEADER | |
|---|---|
| fixed length control field | 01254 a2200241 4500 |
| 005 - DATE AND TIME OF LATEST TRANSACTION | |
| control field | 20080905115917.0 |
| 010 ## - LCCN (DPL NO) | |
| LC control number | HIN-80010 |
| 020 ## - INTERNATIONAL STANDARD BOOK NUMBER | |
| International Standard Book Number | 8185829063 |
| Terms of availability | 100.00 |
| 035 ## - SYSTEM CONTROL NUMBER | |
| System control number | HN-52356 |
| 037 ## - SOURCE OF ACQUISITION | |
| Source of stock number/acquisition | D.B.Act / pub |
| 082 ## - DEWEY DECIMAL CLASSIFICATION NUMBER | |
| Classification number | 363.7392 |
| 100 ## - MAIN ENTRY--PERSONAL NAME | |
| Personal name | मिश्र,शिवगोपाल |
| 245 ## - TITLE STATEMENT | |
| Title | वायु प्रदूषण |
| Statement of responsibility, etc | शिवगोपाल मिश्र तथा सुनीलदत्त तिवारी |
| 246 ## - VARYING FORM OF TITLE | |
| Title proper/short title | Vayu Pradushan |
| Remainder of title | by Sheo Gopal Mishra |
| 260 ## - PUBLICATION, DISTRIBUTION, ETC. (IMPRINT) | |
| Place of publication, distribution, etc | दिल्ली |
| Name of publisher, distributor, etc | ज्ञान गंगा |
| Date of publication, distribution, etc | 2006 |
| 270 ## - ADDRESS | |
| Address | 205-सी चावड़ी बाजार |
| City | दिल्ली |
| Postal code | 110006 |
| 300 ## - PHYSICAL DESCRIPTION | |
| Extent | 112पृ |
| Dimensions | 22 सेमी (सजिल्द) |
| 520 ## - SUMMARY, ETC. | |
| Summary, etc | Due to global warming ozon layer damaged,changes in the earth has been highlighted in this book |
| 650 ## - SUBJECT ADDED ENTRY--TOPICAL TERM | |
| Topical term or geographic name as entry element | Pollution, Air |
| 700 ## - ADDED ENTRY--PERSONAL NAME | |
| Personal name | तिवारी, सुनील दत्त |
| 9 (RLIN) | 45094 |
| 942 ## - ADDED ENTRY ELEMENTS (KOHA) | |
| Institution code [OBSOLETE] | dpl |
| Item type | Hindi Books |
| Call number prefix | 363.7392 / मिश्रशि |
| Source of classification or shelving scheme | Dewey Decimal Classification |
| Classification part | 363.7392 |
| Call number suffix | मिश्रशि |
| Withdrawn status | Lost status | Not for loan | Home library | Current library | Date acquired | Cost, normal purchase price | Full call number | Barcode | Copy number | Cost, replacement price | Koha item type |
|---|---|---|---|---|---|---|---|---|---|---|---|
| D.B.Act.Division | D.B.Act.Division | 05/09/2008 | 100.00 | 363.7392 मिश्रशि | HN-52356 | 1 | 100.00 | Hindi Books |
